000 00715nam a2200241Ia 4500
003 OSt
005 20220927105445.0
006 a|||||r|||| 00| 0
007 ta
008 220926b |||||||| |||| 00| 0 eng d
024 _a169353
037 _cReference Collections
040 _aRTL
_cRTL
_beng
041 _2eng
_aeng
082 _a"V1N45, 93:3. N66, K6/UN"
110 _a"United Nationa, Security council"
_9372671
245 0 _a"Official Records, 21st year"
260 _aNew
_bYork U N
_c1967
300 _a"xxiv, 283p."
_ccm.
700 _a"United Nationa, Security council"
_9372672
942 _h"V1N45, 93:3. N66, K6/UN"
_cCC
999 _c692656
_d692656